000 00227 a2200097 4500
001 34618
100 _aHoughton Mifflin
245 _aCompact American Thesaurus
260 _aNY
_bHoughton Mifflin
_c1998
090 _c22902
_d22902
942 _aNUST-CAE
_cM
_c14339
999 _c269691
_d269691